Operatornyje idealy

Saved in:
Bibliographic Details
Main Author: Pietsch, A. (Author)
Format: Book
Language:English
Published: Moskva : Mir, 1982
Edition:Per. s angl.
Tags: Add Tag
No Tags, Be the first to tag this record!

MARC

LEADER 00000nam a22000003a 4500
001 stu138822
005 20150617225924.2
008 070312s1982----xxr-----------------eng-d
040 |a STU  |b slo 
041 0 |a eng 
044 |a xxr 
080 |a 517.43 
080 |a 519.49 
100 1 |a Pietsch, A.  |4 aut 
242 0 0 |a Operator ideals  |y eng 
245 1 |a Operatornyje idealy 
250 |a Per. s angl. 
260 |a Moskva :  |b Mir,  |c 1982 
300 |a 536 s 
996 |b E51707  |c E*51707  |l EE03  |s P  |a 0  |w stu138822_0001